Manual del automóvil; reparación y mantenimiento. El motor diésel

Bibliographic Details
Format: Section = Libro
Language:Undetermined
Spanish
Published: Madrid, España Universidad Politécnica de Madrid 2004
Subjects:
LEADER 00656nam a2200205Ia 4500
008 240829s9999 xx 000 0 und d
020 |a 84-8055-268-9 
040 |a BIBLIOTECA-RUPAP Ref 629.287 M294 
041 |a spa 
082 |a Ref 629.287 M294 
245 1 0 |a Manual del automóvil; reparación y mantenimiento. El motor diésel 
260 |a Madrid, España  |b Universidad Politécnica de Madrid  |c 2004 
300 |a p. irreg. :il. 
650 7 |a MANTENIMIENTO Y REPARACION . AUTOMOVIL 
650 7 |b  MOTORES - DIESSEL - GASOLINA 
650 7 |c  SISTEMA DE INYECCION 
650 7 |d  FRENOS AIRBAG. I. Tít. 
942 |c BK  |2 ddc 
991 |a TEXTO 
999 |c 10377